La Historia social evolutiva del crimen y de los sistemas de justicia criminal /
El autor explica cómo se han llevado a cabo las investigaciones sobre la historia del crimen desde la década de 1960, haciendo énfasis en los nuevos enfoques sobre la violencia y los instrumentos que utiliza el Estado para ejercer el poder, como el sistema judicial. Además, Emsley hace un excelente...
Salvato in:
| Autore principale: | |
|---|---|
| Natura: | testo |
| Soggetti: | |
| Tags: |
Aggiungi Tag
Nessun Tag, puoi essere il primo ad aggiungerne!!
|
MARC
| LEADER | 00000 a a2200000 04500 | ||
|---|---|---|---|
| 001 | 15666 | ||
| 003 | |||
| 040 | |||
| 100 | |a Emsley, Clive | ||
| 245 | |a La Historia social evolutiva del crimen y de los sistemas de justicia criminal / |c Clive Emsley | ||
| 520 | |a El autor explica cómo se han llevado a cabo las investigaciones sobre la historia del crimen desde la década de 1960, haciendo énfasis en los nuevos enfoques sobre la violencia y los instrumentos que utiliza el Estado para ejercer el poder, como el sistema judicial. Además, Emsley hace un excelente análisis de los trabajos publicados en Europa Occidental y especialmente en Gran Bretaña | ||
| 650 | |a HISTORIA SOCIAL | ||
| 650 | |a DELINCUENCIA | ||
| 650 | |a SISTEMA JUDICIAL | ||
| 650 | |a EUROPA | ||
| 650 | |a TEORIA | ||
| 773 | |g número 48; páginas 155-179 | ||
| 999 | |c 24604 |d 24604 | ||
